| 000 | 00528cam a22002171 4500 | ||
|---|---|---|---|
| 001 | sa 67001137 | ||
| 003 | DLC | ||
| 005 | 20260227112320.0 | ||
| 008 | 890802q19601967ii 000 0 hino | ||
| 010 | _asa 67001137 | ||
| 035 | _a(OCoLC)20114667 | ||
| 040 |
_aDLC _cWaU _dDLC |
||
| 042 | _apremarc | ||
| 050 | 0 | 0 |
_aPK915 _b.A4 |
| 100 | 0 | _aAmarasiṃha. | |
| 245 | 0 | 0 | _aAmara kośa. |
| 260 | _c[196-] | ||
| 300 |
_a2, 141, 6, 202 p. _c18 cm. |
||
| 500 | _aIn Hindi. | ||
| 650 | 0 |
_aSanskrit language _xSynonyms and antonyms. |
|
| 999 |
_c72413 _d72413 |
||